00458nam a22001577a 450000500170000000800410001702000180005804100120007608200120008810000120010024500650011225000180017726000520019530000290024765000240027620241205082230.0241205b |||||||| |||| 00| 0 eng d a9781485140832 aEnglish a657 AWA lEnglish aBasic Principles of Legal Accounting in Namibia /cMR Awarab aFirst Edition aCape Town: bJuta and Company (Pty) Ltd, c2022 bxix, 176 pages; c26 cm. aLegal practicebLaw